Bilecik Bilecik Bilecik Bilecik Bilecik

Belli başlı dönemleri ve zirve şahsiyetleriyle Azerbeycan edebiyatı/ (Record no. 9418)

MARC details
000 -BAŞLIK
Sabit Uzunluktaki Kontrol Alanı 01782nam a22003257a 4500
001 - KONTROL NUMARASI
Control Dosyası 0009446
003 - KONTROL NUMARASI KİMLİĞİ
Kontrol Alanı KOHA_MİRAKIL
005 - EN SON İŞLEM TARİHİ ve ZAMANI
Kontrol Alanı 20260207001709.0
007 - FİZİKSEL TANIM SABİT ALAN - GENEL BİLGİ
Sabit uzunluklu kontrol alanı ta
008 - SABİT UZUNLUKTAKİ VERİ ÖGELERİ - GENEL BİLGİ
Sabit Alan 130730b1999 tu |||gr||||#||||1|tur |
020 ## - ISBN - ULUSLARARASI STANDART KİTAP NUMARASI
Isbn 9754372845
040 ## - KATALOGLAMA KAYNAĞI
Özgün Kataloglama Kurumu TR-BiSEU
Kataloglama Dili tur
Çeviri Kurumu TR-BiSEU
Açıklama Kuralları rda
041 0# - DİL KODU
Metin ya da ses kaydının dil kodu tur
044 ## - YAYINLAYAN/ÜRETEN KURULUŞUN ÜLKE KODU
ISO country code tu
050 ## - SINIFLAMA ve YER NUMARASI
Sınıflama Numarası PL313.5
Yer Numarası .K37 1999
100 1# - KİŞİ ADI
Yazar Adı (Kişi adı) Karayev, Yaşar.
245 1# - ESER ADI BİLDİRİMİ
Başlık Belli başlı dönemleri ve zirve şahsiyetleriyle Azerbeycan edebiyatı/
Sorumluluk Bildirimi Yaşar Karayev ; Yaşar Karayev; editör Yavuz Akpınar.
264 #1 - ÜRERİM, YAYIN, DAĞITIM ve TELİF BİLDİRİMİ
Yayın yeri İstanbul :
Yayınlayan Ötüken
Yayın tarihi 1999
300 ## - FİZİKSEL TANIMLAMA
Sayfa, Cilt vb. 405 sayfa
336 ## - İÇERİK TÜRÜ
Content type term metin
Content type code txt
Source rdacontent
337 ## - MEDYA TÜRÜ
Media type term aracısız
Media type code n
Source rdamedia
338 ## - TAŞIYICI TÜRÜ
Carrier type term cilt
Carrier type code nc
Source rdacarrier
490 1# - DİZİ BİLDİRİMİ
Dizi Bildirimi Yayın ;
Cilt Numarası Nu: 419.
490 1# - DİZİ BİLDİRİMİ
Dizi Bildirimi Kültür serisi ;
Cilt Numarası 148.
505 ## - İÇİNDEKİLER NOTU
İçindekiler Notu Azerbaycanlı bilim adamı Yaşar Karayev'in 1996 yılında Bakü'de yayınlanan "Tarih: Yakından ve Uzaktan" adlı eserinin Azerbaycan edebiyatıyla ilgili makalelerinden yapılan seçmeleri içerir. Azerbaycan İlimler Akademisi Nizamî Edebiyat Enstitüsü Başkanı olan yazarın Azerbaycan edebiyatının değişik dönemleri ve belli başlı şahsiyetleri hakkındaki görüşleridir. Eski dönemlerde yazılan güdümlü edebiyat tarihlerinden farklı olarak Azerbaycan'ın bağımsızlığına kavuşmasından sonra ülkede belirgin bir şekilde gündeme gelen millî tarih ve kültürün yeniden yorumlanması sürecine katkıda bulunur. Eser, Azerbaycan kültürünü genel Türk kültürü içindeki yerine oturtma çabalarını da büyük bir yetkinlikle temsil etmektedir.
650 #0 - KONU BAŞLIĞI EK GİRİŞ - KONU TERİMİ
Konusal terim veya coğrafi ad Azerbaijani literature--History and criticism.
9 (RLIN) 23400
830 1# - SERİ EK GİRİŞİ - TEKBİÇİM ESER ADI
Tekbiçim Başlık Yayın ;
Volume number/sequential designation Nu: 419.
9 (RLIN) 1557
830 1# - SERİ EK GİRİŞİ - TEKBİÇİM ESER ADI
Tekbiçim Başlık Kültür serisi ;
Volume number/sequential designation 148.
9 (RLIN) 23401
942 ## - EK GİRİŞ ÖGELERİ (KOHA)
Source of classification or shelving scheme Library of Congress Classification
Koha item type Book
505 ## - İÇİNDEKİLER NOTU
--
Holdings
Materyal Türü Kalıcı Konum Mevcut Konum Raf Yeri Sınıflandırma Kaynağı Edinim Bilgisi Ana Konular Alt Konular Yer Numarası Demirbaş Numarası Fatura Tarihi Maliyet, Alış Fiyatı Maliyet, Yenileme Fiyatı Geri Çekilme Durumu Kayıp Durumu Hasarlı Durumu Kredi için değil Kayıt Tarih Toplam Ödünçverme Son Görülme Tarihi Son Kontrol Tarihi Genel / Bağış Notu Satın Alma Notu
Book Prof. Dr. Azmi Özcan Kütüphanesi Prof. Dr. Azmi Özcan Kütüphanesi Birûni Salonu Library of Congress Classification Bağış DİL VE EDEBİYAT Doğu Asya, Afrika, Okyanusya Dilleri ve Edebiyatları PL313.5 .K37 1999 0009446 13/08/2010 4.00 4.00         20/10/2009   05/12/2024 05/12/2024 Ötüken Yayınevi  
Book Prof. Dr. Azmi Özcan Kütüphanesi Prof. Dr. Azmi Özcan Kütüphanesi Birûni Salonu Library of Congress Classification Satın DİL VE EDEBİYAT Doğu Asya, Afrika, Okyanusya Dilleri ve Edebiyatları PL313.5 .K37 1999 0040808 24/09/2013 13.75 13.75         30/07/2013   05/12/2024 05/12/2024   73291-73383 (92 sayfa)